Preparation of constant viscosity stabilized rubber from thin slab derived from latex in the presence of hydroxylamine neutral sulphate (Record no. 65584)

MARC details
000 -LEADER
fixed length control field 00562nam a2200169Ia 4500
100 ## - MAIN ENTRY--AUTHOR NAME
Personal name Solichin M
245 #0 - TITLE STATEMENT
Title Preparation of constant viscosity stabilized rubber from thin slab derived from latex in the presence of hydroxylamine neutral sulphate
260 ## - PUBLICATION, DISTRIBUTION, ETC. (IMPRINT)
Name of publisher Indonesian Journal of Natural Rubber Research
Year of publication 1995
300 ## - PHYSICAL DESCRIPTION
Number of Pages 80-84
650 ## - SUBJECT ADDED ENTRY--TOPICAL TERM
Topical Term Hevea brasiliensis
650 ## - SUBJECT ADDED ENTRY--TOPICAL TERM
Topical Term Latex
650 ## - SUBJECT ADDED ENTRY--TOPICAL TERM
Topical Term Organic compounds
650 ## - SUBJECT ADDED ENTRY--TOPICAL TERM
Topical Term Plant products
650 ## - SUBJECT ADDED ENTRY--TOPICAL TERM
Topical Term Viscosity stabilized rubber
942 ## - ADDED ENTRY ELEMENTS (KOHA)
Koha item type Journals
Holdings
Withdrawn status Lost status Damaged status Not for loan Home library Current library Shelving location Date acquired Serial Enumeration / chronology Koha item type
      Journals RRII Library RRII Library Rubber chemistry 17/12/2021 Volume 13, Issue 1 Journals